Qui est mort en premier ? #1 - Statistiques

Statistiques générales
  • Ce quiz a été pris 1 390 fois
  • Le résultat moyen est 13 sur 25
Statistiques - réponses
Question Réponse % Correct
Diana Spencer ou George Harrison ? Diana Spencer
66%
Louis XVIII ou Napoléon Bonaparte ? Napoléon Bonaparte
65%
Emile Zola ou Guy de Maupassant ? Guy de Maupassant
64%
Henri II ou François II ? Henri II
62%
Bob Marley ou John Lennon ? John Lennon
61%
Yitzhak Rabin ou Kurt Cobain ? Kurt Cobain
61%
Ludwig van Beethoven ou Frédéric Chopin ? Ludwig van Beethoven
61%
Amy Winehouse ou Whitney Houston ? Amy Winehouse
59%
Elvis Presley ou Claude François ? Elvis Presley
59%
Voltaire ou Diderot ? Voltaire
55%
Maurice Ravel ou Claude Debussy ? Claude Debussy
54%
Jim Morrison ou Jimi Hendrix ? Jimi Hendrix
54%
Jean Jaurès ou Guillaume Apollinaire ? Jean Jaurès
53%
Marilyn Monroe ou John F. Kennedy ? Marilyn Monroe
51%
Gandhi ou Al Capone ? Al Capone
50%
Maria Callas ou André Malraux ? André Malraux
50%
Daniel Balavoine ou Louis de Funès ? Louis de Funès
49%
J. R. R. Tolkien ou Francisco Franco ? J. R. R. Tolkien
48%
Charlie Chaplin ou Mao Zedong ? Mao Zedong
46%
Frida Kahlo ou Albert Einstein ? Frida Kahlo
43%
Dalida ou Coluche ? Coluche
42%
Andy Warhol ou Salvador Dali ? Andy Warhol
41%
Clark Gable ou Edith Piaf ? Clark Gable
39%
Freddie Mercury ou Sergio Leone ? Sergio Leone
34%
George Pompidou ou Pablo Picasso ? Pablo Picasso
33%
Aucun quiz correspondant
Distribution des résultats
% des personnes avec chaque résultat
Percentile par nombre de réponses
Votre historique - résultats
Vous n’avez pas pris ce quiz